[Event "Muensterland Verbandsklasse playoff"]
[Site "Germany"]
[Date "2022.05.28"]
[Round "4.1"]
[White "Frie, Michael"]
[Black "Woeste, Georg"]
[Result "0-1"]
[WhiteElo "1853"]
[BlackElo "1764"]
[PlyCount "92"]
[EventDate "2022.04.02"]
[EventType "team-tourn"]
[EventRounds "5"]
[EventCountry "GER"]
[SourceTitle "EXT 2023"]
[Source "ChessBase"]
[SourceDate "2022.10.05"]
[SourceVersion "1"]
[SourceVersionDate "2022.10.05"]
[SourceQuality "1"]
[WhiteTeam "Muenster Indische Dame"]
[BlackTeam "Reckenfeld"]
[WhiteTeamCountry "GER"]
[BlackTeamCountry "GER"]

1. e4 c5 2. Nc3 Nc6 3. g3 Nf6 4. Bg2 d6 5. Nge2 g6 6. d4 Bg4 7. f3 Bd7 8. Be3 cxd4 9. Nxd4 Bg7 10. Nce2 Qc8 11. c3 Bh3 12. 0-0 0-0 13. Qd2 Rd8 14. Rfe1 Ne5 15. Qc2 d5 16. Bxh3 Qxh3 17. Nf4 Qc8 18. exd5 Nxd5 19. Nxd5 Rxd5 20. Kg2 Nc4 21. Nb3 a5 22. Rac1 Qd7 23. Bf2 a4 24. Nc5 Qc6 25. Nd3 Rf5 26. Qe2 b5 27. Qe4 Qc8 28. g4 Nd2 29. Qe2 Rxf3 30. Qxd2 Qxg4+ 31. Kh1 Rd8 32. Ne5 Rxd2 33. Nxg4 h5 34. Be3 Rxb2 35. Nh6+ Kh7 36. Nxf7 Rxf7 37. a3 Be5 38. Bg1 Bd6 39. c4 bxc4 40. Rxc4 Bxa3 41. Rxa4 Bd6 42. Ra8 Rf4 43. Rd1 Rh4 44. Bd4 Rbxh2+ 45. Kg1 Rg4+ 46. Kf1 g5 0-1

[Event "Muensterland Verbandsklasse 1920"]
[Site "Germany"]
[Date "2019.09.14"]
[Round "1.1"]
[White "Frie, Michael"]
[Black "Bahr, Maximilian"]
[Result "1/2-1/2"]
[WhiteElo "1869"]
[BlackElo "1738"]
[PlyCount "58"]
[EventDate "2019.09.14"]
[EventType "team-tourn"]
[EventRounds "7"]
[EventCountry "GER"]
[SourceTitle "EXT 2023"]
[Source "ChessBase"]
[SourceDate "2022.10.05"]
[SourceVersion "1"]
[SourceVersionDate "2022.10.05"]
[SourceQuality "1"]
[WhiteTeam "Muenster Indische Dame"]
[BlackTeam "Emsdetten Rochade III"]
[WhiteTeamCountry "GER"]
[BlackTeamCountry "GER"]

1. e4 e5 2. Nf3 Nc6 3. Bb5 f5 4. Nc3 fxe4 5. Nxe4 d5 6. Ng3 Bd6 7. 0-0 Nf6 8. Bxc6+ bxc6 9. Nxe5 Bxe5 10. Re1 0-0 11. Rxe5 Ng4 12. Re2 Qh4 13. Nf1 Ba6 14. d3 Rxf2 15. g3 Qf6 16. Bf4 Rxe2 17. Qxe2 Qxb2 18. Re1 Nf6 19. Qe6+ Kh8 20. Bg5 Ng8 21. Ne3 Bb7 22. Rf1 d4 23. Nc4 Qxc2 24. Ne5 h6 25. Qg6 Ne7 26. Nf7+ Kg8 27. Nxh6+ Kh8 28. Nf7+ Kg8 29. Bxe7 c5 1/2-1/2

[Event "Muensterland Verbandsklasse 1718"]
[Site "Germany"]
[Date "2017.09.16"]
[Round "1.3"]
[White "Gerighausen, Karl Heinz"]
[Black "Frie, Michael"]
[Result "1/2-1/2"]
[WhiteElo "1659"]
[BlackElo "1893"]
[PlyCount "41"]
[EventDate "2017.09.16"]
[EventType "team-tourn"]
[EventRounds "9"]
[EventCountry "GER"]
[SourceTitle "EXT 2019"]
[Source "ChessBase"]
[SourceDate "2018.10.10"]
[SourceVersion "1"]
[SourceVersionDate "2018.10.10"]
[SourceQuality "1"]
[WhiteTeam "Emsdetten Rochade III"]
[BlackTeam "Muenster Indische Dame"]
[WhiteTeamCountry "GER"]
[BlackTeamCountry "GER"]

1. d4 Nf6 2. c4 c5 3. d5 b5 4. cxb5 a6 5. bxa6 g6 6. Nc3 Bxa6 7. g3 d6 8. Bg2 Bg7 9. Nf3 0-0 10. 0-0 Nbd7 11. Rb1 Qa5 12. Bd2 Rfb8 13. Qc2 Ng4 14. h3 Ngf6 15. Rfe1 c4 16. Nd4 Re8 17. Nc6 Qc7 18. b4 cxb3 19. axb3 Nb6 20. e4 Nfd7 21. f4 1/2-1/2

[Event "Muensterland Verbandsklasse 1617"]
[Site "Germany"]
[Date "2016.12.10"]
[Round "4.2"]
[White "Vogenauer, Nikolas"]
[Black "Frie, Michael"]
[Result "1-0"]
[WhiteElo "1682"]
[BlackElo "1894"]
[PlyCount "71"]
[EventDate "2016.09.24"]
[EventType "team"]
[EventRounds "9"]
[EventCountry "GER"]
[SourceTitle "EXT 2018"]
[Source "ChessBase"]
[SourceDate "2017.10.13"]
[SourceVersion "1"]
[SourceVersionDate "2017.10.13"]
[SourceQuality "1"]
[WhiteTeam "Muenster SK V"]
[BlackTeam "Muenster Indische Dame"]
[WhiteTeamCountry "GER"]
[BlackTeamCountry "GER"]

1. e4 d6 2. d4 c6 3. Nf3 Bg4 4. Nbd2 Qc7 5. c4 e5 6. d5 Nf6 7. Be2 Be7 8. 0-0 Bxf3 9. Bxf3 0-0 10. Re1 Nbd7 11. Nf1 Rfc8 12. Ne3 Bf8 13. Bd2 Qb6 14. Bc3 Nc5 15. Ng4 Ncd7 16. Ne3 Qa6 17. a4 Nc5 18. Ng4 Qxc4 19. Nxf6+ gxf6 20. Bg4 Rd8 21. Bf5 cxd5 22. exd5 Qh4 23. Re3 Bg7 24. b4 Nd7 25. Bd2 Qd4 26. Rg3 Nf8 27. h4 Ng6 28. h5 Qxd5 29. hxg6 fxg6 30. Bc2 Qc6 31. Rc1 Qd7 32. Bb3+ Kh8 33. Rh3 f5 34. Bg5 Rdc8 35. Rxc8+ Rxc8 36. Rd3 1-0

[Event "Muensterland Verbandsklasse 1617"]
[Site "Germany"]
[Date "2016.11.12"]
[Round "3.3"]
[White "Broemmel, Chris"]
[Black "Frie, Michael"]
[Result "0-1"]
[WhiteElo "1785"]
[BlackElo "1894"]
[PlyCount "90"]
[EventDate "2016.09.24"]
[EventType "team"]
[EventRounds "9"]
[EventCountry "GER"]
[SourceTitle "EXT 2018"]
[Source "ChessBase"]
[SourceDate "2017.10.13"]
[SourceVersion "1"]
[SourceVersionDate "2017.10.13"]
[SourceQuality "1"]
[WhiteTeam "Raesfeld Erle II"]
[BlackTeam "Muenster Indische Dame"]
[WhiteTeamCountry "GER"]
[BlackTeamCountry "GER"]

1. e4 d6 2. d4 c6 3. Nf3 Qc7 4. Nc3 e5 5. Bc4 h6 6. 0-0 Nf6 7. Qd3 Be7 8. Be3 0-0 9. dxe5 dxe5 10. a4 Nbd7 11. Rad1 Nc5 12. Bxc5 Bxc5 13. Ne2 Bg4 14. Ng3 Rad8 15. Qe2 Nh5 16. Nxh5 Bxh5 17. c3 a5 18. h3 Qe7 19. Rxd8 Rxd8 20. Rd1 Rxd1+ 21. Qxd1 Bxf2+ 22. Kxf2 Qc5+ 23. Kg3 Qxc4 24. Qd8+ Kh7 25. Qxa5 Qxe4 26. Nxe5 g5 27. Nf3 Bxf3 28. gxf3 Qe1+ 29. Kg2 Qe2+ 30. Kg3 Kg6 31. Qb4 f5 32. f4 Qe3+ 33. Kh2 gxf4 34. Qd6+ Kh5 35. Qf6 Qg3+ 36. Kh1 Qxh3+ 37. Kg1 Qe3+ 38. Kh1 Qe4+ 39. Kh2 Qe2+ 40. Kh1 Kg4 41. Qg6+ Kf3 42. Qh5+ Ke3 43. Qxh6 Qe1+ 44. Kh2 Qg3+ 45. Kh1 Kf2 0-1

[Event "Muensterland Verbandsliga 1415"]
[Site "Germany"]
[Date "2014.09.27"]
[Round "2.2"]
[White "Frie, Michael"]
[Black "Hanewinkel, Martin"]
[Result "1/2-1/2"]
[WhiteElo "1888"]
[BlackElo "1883"]
[PlyCount "75"]
[EventDate "2014.09.06"]
[EventType "team-tourn"]
[EventRounds "9"]
[EventCountry "GER"]
[SourceTitle "EXT 2016"]
[Source "ChessBase"]
[SourceDate "2015.10.08"]
[SourceVersion "1"]
[SourceVersionDate "2015.10.08"]
[SourceQuality "1"]
[WhiteTeam "Muenster Indische Dame"]
[BlackTeam "Beelen"]
[WhiteTeamCountry "GER"]
[BlackTeamCountry "GER"]

1. e4 c5 2. Nc3 e6 3. g3 Nc6 4. Bg2 Nf6 5. d3 Be7 6. Nf3 d6 7. 0-0 0-0 8. Re1 a6 9. h3 Rb8 10. a4 b5 11. axb5 axb5 12. Bf4 b4 13. Ne2 e5 14. Bg5 h6 15. Be3 Ne8 16. Nd2 Nc7 17. f4 Bd7 18. Nc4 Nb5 19. Qd2 Qc7 20. f5 f6 21. c3 Be8 22. g4 Bf7 23. Bxh6 gxh6 24. Qxh6 Be8 25. Ne3 Rf7 26. Nd5 Qd8 27. Qe3 Nc7 28. Nxe7+ Qxe7 29. Kf2 Rh7 30. Ng1 bxc3 31. bxc3 Rb2+ 32. Re2 Rxe2+ 33. Qxe2 Qd8 34. Nf3 Nb5 35. Qd2 Ra7 36. Rxa7 Nbxa7 37. h4 Qe7 38. Qb2 1/2-1/2

[Event "Muensterland Verbandsliga 1314"]
[Site "Germany"]
[Date "2014.01.18"]
[Round "5.4"]
[White "Frie, Michael"]
[Black "Waeltermann, Thomas"]
[Result "1/2-1/2"]
[WhiteElo "1879"]
[BlackElo "1789"]
[PlyCount "86"]
[EventDate "2013.09.07"]
[EventType "team-tourn"]
[EventRounds "9"]
[EventCountry "GER"]
[SourceTitle "EXT 2015"]
[Source "ChessBase"]
[SourceDate "2014.11.20"]
[SourceVersion "1"]
[SourceVersionDate "2014.11.20"]
[SourceQuality "1"]
[WhiteTeam "Muenster Indische Dame"]
[BlackTeam "Beelen"]
[WhiteTeamCountry "GER"]
[BlackTeamCountry "GER"]

1. e4 c5 2. Nc3 d6 3. Nf3 Nc6 4. g3 g6 5. Bg2 Bg7 6. 0-0 e6 7. d3 Nge7 8. Ne2 b5 9. Nh4 0-0 10. f4 Rb8 11. Nf3 Qb6 12. Kh1 a5 13. g4 a4 14. a3 f5 15. h3 Bd7 16. Ng3 Nd4 17. Re1 Nec6 18. Rb1 Nxf3 19. Qxf3 Nd4 20. Qf2 Kh8 21. c3 Nc6 22. Be3 Qd8 23. gxf5 exf5 24. exf5 gxf5 25. Nh5 Bh6 26. Rg1 Be8 27. Bf3 Bg6 28. Rbe1 Bxh5 29. Bxh5 Qf6 30. Bf3 Nd8 31. d4 Ne6 32. Bd5 cxd4 33. cxd4 Nc7 34. Bg2 Bg7 35. Rc1 Ne6 36. Bd5 Rbc8 37. Bc6 Nxd4 38. Rxg7 Rxc6 39. Rxc6 Nxc6 40. Rc7 d5 41. Qc2 Nd4 42. Qf2 Nb3 43. Rd7 Rd8 1/2-1/2

[Event "Muensterland Verbandsliga 1314"]
[Site "Germany"]
[Date "2013.12.07"]
[Round "4.4"]
[White "Schlitter, Klaus"]
[Black "Frie, Michael"]
[Result "1-0"]
[WhiteElo "1822"]
[BlackElo "1879"]
[PlyCount "63"]
[EventDate "2013.09.07"]
[EventType "team-tourn"]
[EventRounds "9"]
[EventCountry "GER"]
[SourceTitle "EXT 2015"]
[Source "ChessBase"]
[SourceDate "2014.11.20"]
[SourceVersion "1"]
[SourceVersionDate "2014.11.20"]
[SourceQuality "1"]
[WhiteTeam "Steinfurt"]
[BlackTeam "Muenster Indische Dame"]
[WhiteTeamCountry "GER"]
[BlackTeamCountry "GER"]

1. d4 Nf6 2. c4 c5 3. d5 b5 4. cxb5 a6 5. b6 d6 6. Nc3 Qxb6 7. e4 g6 8. Be2 Bg7 9. Nf3 0-0 10. 0-0 Nbd7 11. Nd2 Ne8 12. Qc2 Ne5 13. f4 Ng4 14. Nc4 Qa7 15. h3 Bd4+ 16. Kh1 Nf2+ 17. Kh2 f5 18. e5 Qc7 19. Bf3 Ne4 20. Nxe4 fxe4 21. Bxe4 Rb8 22. e6 Nf6 23. f5 Rb4 24. Bf3 Bb7 25. a3 Rb5 26. fxg6 Nxd5 27. Bh6 Nf6 28. gxh7+ Kh8 29. Bxf8 d5+ 30. Kh1 dxc4 31. Qg6 Nxh7 32. Bxb7 1-0

[Event "Muensterland Verbandsliga 1314"]
[Site "Germany"]
[Date "2013.09.07"]
[Round "1.3"]
[White "Sandmann, Sebastian"]
[Black "Frie, Michael"]
[Result "0-1"]
[WhiteElo "1683"]
[BlackElo "1879"]
[PlyCount "82"]
[EventDate "2013.09.07"]
[EventType "team-tourn"]
[EventRounds "9"]
[EventCountry "GER"]
[SourceTitle "EXT 2015"]
[Source "ChessBase"]
[SourceDate "2014.11.20"]
[SourceVersion "1"]
[SourceVersionDate "2014.11.20"]
[SourceQuality "1"]
[WhiteTeam "Ostbevern Westbevern"]
[BlackTeam "Muenster Indische Dame"]
[WhiteTeamCountry "GER"]
[BlackTeamCountry "GER"]

1. e4 g6 2. Nf3 Bg7 3. Bc4 d6 4. 0-0 Nf6 5. d3 0-0 6. Nc3 e5 7. Bg5 c6 8. h3 Nbd7 9. Qd2 b5 10. Bb3 Nc5 11. Bh6 a5 12. Bxg7 Kxg7 13. a3 Nxb3 14. cxb3 Be6 15. Qd1 b4 16. Nb1 c5 17. Nbd2 h6 18. Nc4 Qc7 19. Kh2 Nd7 20. Qe2 f5 21. Rfc1 Nf6 22. Rd1 Rfb8 23. a4 Rf8 24. Rac1 Rfe8 25. g3 Bc8 26. Nh4 Ra6 27. Rc2 Qd7 28. exf5 gxf5 29. Rcc1 Qf7 30. Qd2 Qh5 31. Re1 Nd5 32. Kg2 f4 33. Nxd6 Rxd6 34. Rxc5 fxg3 35. fxg3 Nf4+ 36. Kh2 Nxd3 37. Rxa5 Qg5 38. Ra7+ Kh8 39. Qc2 Rg8 40. Rg1 Qe3 41. Rg2 Qxa7 0-1

[Event "Muensterland Verbandsklasse-A 1213"]
[Site "Germany"]
[Date "2012.11.17"]
[Round "3.4"]
[White "Frie, Michael"]
[Black "Steffens, Gerd"]
[Result "1/2-1/2"]
[WhiteElo "1900"]
[BlackElo "1825"]
[PlyCount "35"]
[EventDate "2012.09.15"]
[EventType "team-tourn"]
[EventRounds "9"]
[EventCountry "GER"]
[SourceTitle "EXT 2015"]
[Source "ChessBase"]
[SourceDate "2014.11.20"]
[SourceVersion "1"]
[SourceVersionDate "2014.11.20"]
[SourceQuality "1"]
[WhiteTeam "Muenster Indische Dame"]
[BlackTeam "Olfen"]
[WhiteTeamCountry "GER"]
[BlackTeamCountry "GER"]

1. g3 e5 2. Bg2 Nc6 3. d3 f5 4. e4 fxe4 5. Bxe4 Nf6 6. Bg5 Bc5 7. Nc3 0-0 8. Qd2 Bb4 9. Bd5+ Kh8 10. 0-0-0 Bxc3 11. bxc3 Qe7 12. Kb1 Qc5 13. Bb3 a5 14. Be3 Qa3 15. Qc1 Qe7 16. a4 d6 17. h4 Be6 18. Nh3 1/2-1/2

[Event "Muensterland Verbandsliga 1112"]
[Site "Germany"]
[Date "2012.02.25"]
[Round "7.5"]
[White "Frie, Michael"]
[Black "Boeing, Frank"]
[Result "1-0"]
[WhiteElo "1905"]
[BlackElo "1849"]
[PlyCount "113"]
[EventDate "2011.09.24"]
[EventType "team-tourn"]
[EventRounds "9"]
[EventCountry "GER"]
[SourceTitle "EXT 2013"]
[Source "ChessBase"]
[SourceDate "2012.11.22"]
[SourceVersion "1"]
[SourceVersionDate "2012.11.22"]
[SourceQuality "1"]
[WhiteTeam "Muenster Indische Dame"]
[BlackTeam "Bocholt"]
[WhiteTeamCountry "GER"]
[BlackTeamCountry "GER"]

1. g3 d5 2. Bg2 Nf6 3. Nf3 c6 4. 0-0 Bf5 5. d3 e6 6. c4 Be7 7. Qb3 Qb6 8. Qxb6 axb6 9. Nc3 Nbd7 10. Bf4 0-0 11. h3 h6 12. Rfd1 Bb4 13. cxd5 exd5 14. a3 Bxc3 15. bxc3 b5 16. Rd2 Rfe8 17. Rb2 Ra4 18. Bf1 g5 19. Bd2 Rea8 20. Nd4 Bg6 21. Nc2 Ne8 22. f3 f5 23. Rb4 Nd6 24. h4 gxh4 25. Bxh6 hxg3 26. Bf4 Nc8 27. Bxg3 Ncb6 28. Bh3 Kf7 29. Rf1 Rh8 30. Kg2 Ke7 31. Bf4 Raa8 32. Bg5+ Kd6 33. Bf4+ Ke7 34. Rh1 Rag8 35. Kf2 Rh5 36. Bg2 Rgh8 37. Rxh5 Rxh5 38. Rb1 Bf7 39. Nd4 Nf8 40. Be3 Na4 41. Bd2 Ne6 42. Nc2 Nb6 43. Ne1 Bg6 44. f4 Rh4 45. Nf3 Rh8 46. Ne5 Be8 47. c4 dxc4 48. dxc4 Nxc4 49. Nxc4 bxc4 50. Rxb7+ Kd6 51. e3 Bd7 52. Bb4+ c5 53. Bc3 Rg8 54. Be5+ Ke7 55. Bd5 Rd8 56. Bxc4 Ke8 57. Bf6 1-0

[Event "Muensterland Verbandsliga 1011"]
[Site "Germany"]
[Date "2011.02.26"]
[Round "7.4"]
[White "Frie, Michael"]
[Black "Luetkehermoelle, Martin"]
[Result "1/2-1/2"]
[WhiteElo "1901"]
[BlackElo "1902"]
[PlyCount "117"]
[EventDate "2010.09.25"]
[EventType "team-tourn"]
[EventRounds "9"]
[EventCountry "GER"]
[SourceTitle "EXT 2012"]
[Source "ChessBase"]
[SourceDate "2011.11.24"]
[SourceVersion "1"]
[SourceVersionDate "2011.11.24"]
[SourceQuality "1"]
[WhiteTeam "Muenster Indische Dame"]
[BlackTeam "Ochtrup"]
[WhiteTeamCountry "GER"]
[BlackTeamCountry "GER"]

1. g3 c5 2. Bg2 Nc6 3. e4 g6 4. Ne2 Bg7 5. 0-0 d6 6. d3 Bg4 7. c3 Qd7 8. Re1 Ne5 9. Rf1 h5 10. f4 Nc6 11. Nd2 h4 12. gxh4 Rxh4 13. Nf3 Rh8 14. d4 cxd4 15. cxd4 e6 16. Be3 Nge7 17. Rc1 d5 18. Ne5 Bxe5 19. fxe5 dxe4 20. Bxe4 Nf5 21. Bxf5 gxf5 22. Rf4 Rg8 23. Kf2 Ne7 24. h3 Bxh3 25. Qh1 Bg4 26. Qh7 Qb5 27. Rc2 Bxe2 28. Rxe2 Rg2+ 29. Kxg2 Qxe2+ 30. Bf2 Kd7 31. Qxf7 Rg8+ 32. Kh2 Qf1 33. Bg3 Qe2+ 34. Bf2 Rh8+ 35. Kg2 Rg8+ 36. Kh2 Rh8+ 37. Kg2 Qxb2 38. d5 Qxe5 39. Qxe6+ Qxe6 40. dxe6+ Kxe6 41. Bxa7 Ra8 42. Bc5 Rxa2+ 43. Kf3 Nd5 44. Rh4 Rb2 45. Bd4 Rb3+ 46. Ke2 f4 47. Rh5 b5 48. Re5+ Kd6 49. Re8 f3+ 50. Kf2 b4 51. Rd8+ Kc6 52. Rc8+ Kd7 53. Rf8 Rd3 54. Bc5 b3 55. Ba3 Kc6 56. Rxf3 Rxf3+ 57. Kxf3 Kb5 58. Ke2 Nb6 59. Kd3 1/2-1/2

[Event "Muensterland Verbandsklasse-A 0910"]
[Site "Germany"]
[Date "2010.01.09"]
[Round "5.2"]
[White "Bienhuels, Michael"]
[Black "Frie, Michael"]
[Result "0-1"]
[WhiteElo "1785"]
[BlackElo "1923"]
[PlyCount "70"]
[EventDate "2009.09.19"]
[EventType "team-tourn"]
[EventRounds "9"]
[EventCountry "GER"]
[SourceTitle "EXT 2011"]
[Source "ChessBase"]
[SourceDate "2010.11.26"]
[SourceVersion "1"]
[SourceVersionDate "2010.11.26"]
[SourceQuality "1"]
[WhiteTeam "Duelmen"]
[BlackTeam "Muenster Indische Dame"]
[WhiteTeamCountry "GER"]
[BlackTeamCountry "GER"]

1. c4 Nf6 2. Nc3 g6 3. g3 Bg7 4. Bg2 0-0 5. e4 e5 6. Nge2 d6 7. 0-0 c6 8. d3 Nbd7 9. h3 Kh8 10. Rb1 Ng8 11. Be3 f5 12. exf5 gxf5 13. f4 Ndf6 14. Kh2 Nh6 15. Qd2 Nf7 16. b4 Be6 17. b5 Qc7 18. b6 axb6 19. Bxb6 Qe7 20. Rfe1 Rg8 21. Bf2 Rae8 22. Qb2 Bc8 23. c5 dxc5 24. Na4 exf4 25. Nxf4 Qc7 26. Qc2 c4 27. dxc4 Ne4 28. Bb6 Qb8 29. Bxe4 fxe4 30. Rbd1 Ng5 31. Kg2 Bf5 32. Be3 Be5 33. Bd4 Bxd4 34. Rxd4 Nf3 35. Rdd1 Qxf4 0-1

[Event "Muensterland Verbandsklasse-A 0910"]
[Site "Germany"]
[Date "2009.09.19"]
[Round "1.2"]
[White "Frie, Michael"]
[Black "Broemmel, Rudolf"]
[Result "1-0"]
[WhiteElo "1923"]
[BlackElo "1975"]
[PlyCount "87"]
[EventDate "2009.09.19"]
[EventType "team-tourn"]
[EventRounds "9"]
[EventCountry "GER"]
[SourceTitle "EXT 2011"]
[Source "ChessBase"]
[SourceDate "2010.11.26"]
[SourceVersion "1"]
[SourceVersionDate "2010.11.26"]
[SourceQuality "1"]
[WhiteTeam "Muenster Indische Dame"]
[BlackTeam "Raesfeld Erle"]
[WhiteTeamCountry "GER"]
[BlackTeamCountry "GER"]

1. e4 Nc6 2. d4 d5 3. e5 Bf5 4. Nf3 e6 5. Be2 f6 6. 0-0 fxe5 7. dxe5 Bc5 8. c4 d4 9. Bd3 Nge7 10. a3 a5 11. Bg5 0-0 12. Qe2 Qe8 13. Nbd2 h6 14. Bh4 Ng6 15. Bg3 Nf4 16. Bxf4 Bxd3 17. Qxd3 Rxf4 18. Rab1 Qh5 19. Rfe1 Raf8 20. Re4 b6 21. Rxf4 Rxf4 22. Re1 Qf5 23. Qxf5 Rxf5 24. Re4 a4 25. Kf1 Kf8 26. Ke2 Ke7 27. Kd3 g5 28. h3 Rf8 29. h4 Rf5 30. g4 Rf8 31. hxg5 hxg5 32. Nxg5 Rxf2 33. Ngf3 Rg2 34. g5 Na5 35. Rh4 Rg3 36. Rh7+ Kd8 37. Ke4 Rg4+ 38. Kd3 Rg3 39. Rf7 Be7 40. Ne4 Rg2 41. Nxd4 Ke8 42. Rh7 Rxb2 43. Nf6+ Bxf6 44. exf6 1-0

[Event "Muensterland Verbandsklasse-B 0809"]
[Site "Germany"]
[Date "2009.03.28"]
[Round "8.1"]
[White "Frie, Michael"]
[Black "Jacob, Helmut"]
[Result "0-1"]
[WhiteElo "1950"]
[BlackElo "1957"]
[PlyCount "99"]
[EventDate "2008.09.13"]
[EventType "tourn"]
[EventRounds "9"]
[EventCountry "GER"]
[SourceTitle "EXT 2010"]
[Source "ChessBase"]
[SourceDate "2010.11.25"]
[SourceVersion "1"]
[SourceVersionDate "2010.11.25"]
[SourceQuality "1"]
[WhiteTeam "Muenster Indische Dame"]
[BlackTeam "Ochtrup"]
[WhiteTeamCountry "GER"]
[BlackTeamCountry "GER"]

1. e4 c5 2. Nf3 Nc6 3. Nc3 g6 4. g3 Bg7 5. Bg2 Nf6 6. 0-0 0-0 7. Re1 d6 8. d3 Rb8 9. Bg5 h6 10. Bd2 b5 11. Ne2 Qb6 12. Nf4 e6 13. h4 d5 14. c3 dxe4 15. dxe4 Ng4 16. Qc2 c4 17. Re2 Rd8 18. Rae1 Nge5 19. Nh3 Nd3 20. Rf1 b4 21. Be3 Qa5 22. cxb4 Ndxb4 23. Qb1 Qxa2 24. Qxa2 Nxa2 25. e5 Nab4 26. Bd2 c3 27. Bxc3 Ba6 28. Re4 Bxf1 29. Bxf1 Nd5 30. Nf4 Ncb4 31. Bd4 a5 32. Bc5 Bf8 33. Bd4 Nxf4 34. gxf4 Nd5 35. h5 Ne7 36. Bc3 Ra8 37. hxg6 Nxg6 38. Nd4 Re8 39. Nc6 a4 40. Bb5 a3 41. b4 a2 42. Ba1 Rec8 43. Kg2 Ra3 44. f5 exf5 45. Re1 Nf4+ 46. Kg1 Ne6 47. Rc1 Rc7 48. Rd1 Rb3 49. Ba4 Rb1 50. b5 0-1

[Event "Muensterland Verbandsklasse-B 0809"]
[Site "Germany"]
[Date "2009.02.07"]
[Round "6.1"]
[White "Frie, Michael"]
[Black "Schulze Schwering, Philipp"]
[Result "0-1"]
[WhiteElo "1950"]
[BlackElo "1936"]
[PlyCount "74"]
[EventDate "2008.09.13"]
[EventType "tourn"]
[EventRounds "9"]
[EventCountry "GER"]
[SourceTitle "EXT 2010"]
[Source "ChessBase"]
[SourceDate "2010.11.25"]
[SourceVersion "1"]
[SourceVersionDate "2010.11.25"]
[SourceQuality "1"]
[WhiteTeam "Muenster Indische Dame"]
[BlackTeam "Borken"]
[WhiteTeamCountry "GER"]
[BlackTeamCountry "GER"]

1. g3 d5 2. Bg2 c5 3. Nf3 Nc6 4. 0-0 e5 5. d3 Nf6 6. Nc3 Bg4 7. Re1 Be7 8. e4 d4 9. Nd5 Nxd5 10. exd5 Qxd5 11. Nxe5 Qxe5 12. f3 Bxf3 13. Bxf3 Qf6 14. Qe2 Rd8 15. Bf4 Rd7 16. Bg4 Rd8 17. Bc7 Ra8 18. Bf3 Kd7 19. Bf4 Bd6 20. Bd2 Rae8 21. Be4 g6 22. Qg2 h5 23. a4 h4 24. Re2 hxg3 25. hxg3 Rh5 26. Bxc6+ bxc6 27. Rxe8 Kxe8 28. Qxc6+ Kf8 29. Rf1 Qe7 30. Qg2 Qd7 31. b3 Qe6 32. Rf2 Rh3 33. Rf3 Qg4 34. Be1 g5 35. Qf1 Qh5 36. Rxf7+ Kg8 37. Qf5 Rh1+ 0-1

[Event "Muensterland Verbandsklasse-A 0607"]
[Site "Germany"]
[Date "2007.04.21"]
[Round "8.3"]
[White "Frie, Michael"]
[Black "Grund, Wolfgang"]
[Result "1/2-1/2"]
[WhiteElo "1896"]
[BlackElo "1930"]
[PlyCount "90"]
[EventDate "2006.09.23"]
[EventType "team-tourn"]
[EventRounds "9"]
[EventCountry "GER"]
[SourceTitle "EXT 2008"]
[Source "ChessBase"]
[SourceDate "2007.11.25"]
[SourceVersion "1"]
[SourceVersionDate "2007.11.25"]
[SourceQuality "1"]
[WhiteTeam "Muenster Indische Dame"]
[BlackTeam "Duelmen"]
[WhiteTeamCountry "GER"]
[BlackTeamCountry "GER"]

1. e4 c5 2. Nf3 Nc6 3. d4 cxd4 4. Nxd4 e5 5. Nxc6 bxc6 6. c4 Bc5 7. Bd3 Rb8 8. Nc3 Ne7 9. 0-0 Ng6 10. b3 Bd4 11. Qc2 Qh4 12. Rb1 0-0 13. Nd1 d6 14. Be3 c5 15. Re1 Rb7 16. a3 Re7 17. Qd2 h6 18. b4 f5 19. f3 f4 20. Bf2 Re6 21. Kh1 Qg5 22. Nc3 Ne7 23. Nd5 Nxd5 24. exd5 Ref6 25. bxc5 dxc5 26. Rb8 Bf5 27. Rxf8+ Rxf8 28. Be4 Bxe4 29. Rxe4 Rb8 30. Bxd4 exd4 31. Qe1 Qg6 32. Qc1 Rb3 33. Kg1 Qb6 34. Qxf4 Rb1+ 35. Kf2 Qg6 36. g4 h5 37. g5 Rb7 38. h4 Rb2+ 39. Kg3 d3 40. Re1 d2 41. Rd1 Qc2 42. Qe4 Qxd1 43. Qe8+ Kh7 44. Qxh5+ Kg8 45. Qe8+ Kh7 1/2-1/2